| Tag |
First Indicator |
Second Indicator |
Subfields |
| LEADER |
00000cam a2200000 a 4500 |
| 001 |
in00000027939 |
| 005 |
20151007054652.0 |
| 008 |
880302r19871787nhu 00000 eng d |
| 020 |
|
|
|a 0881430676 (set)
|
| 020 |
|
|
|a 0881430668 (v.1)
|
| 020 |
|
|
|a 088143065X (v.2)
|
| 020 |
|
|
|a 0881430641 (v.3)
|
| 020 |
|
|
|a 0881430633 (v.4)
|
| 020 |
|
|
|a 0881430625 (v.5)
|
| 035 |
|
|
|a (OCoLC)17565509
|
| 035 |
|
|
|9 AAB5885AM
|
| 040 |
|
|
|a ZNL
|c ZNL
|d TXA
|d UtOrBLW
|
| 049 |
|
|
|a TXAM
|v 1 [A11525874]
|v 2 [A11525921]
|v 3 [A11525971]
|v 4 [A11525913]
|v 5 [A11525963]
|
| 050 |
|
4 |
|a KF4510
|b .E45 1987
|
| 245 |
0 |
0 |
|a Debates on the adoption of the federal constitution.
|
| 250 |
|
|
|a Reprint ed.
|
| 264 |
|
1 |
|a Salem, N.H. :
|b Ayer,
|c 1987.
|
| 300 |
|
|
|a 5 volumes ;
|c 24 cm.
|
| 336 |
|
|
|a text
|b txt
|2 rdacontent
|
| 337 |
|
|
|a unmediated
|b n
|2 rdamedia
|
| 338 |
|
|
|a volume
|b nc
|2 rdacarrier
|
| 500 |
|
|
|a Reprint. Originally published: The debates in the several state conventions on the adoption of the federal Constitution as recommended by the general convention at Philadelphia in 1787 ... Collected and revised from contemporary publications by Jonathan Elliot. New York : B. Franklin, 1968.
|
| 500 |
|
|
|a "From the edition of 1888."
|
| 500 |
|
|
|a Volume 1-4, 2d edition, with considerable additions.
|
| 500 |
|
|
|a Volume 5 has title: Debates on the adoption of the federal Constitution in the convention held at Philadelphia in 1787, with a diary of the debates of the Congress of the Confederation as reported by James Madison. Revised and newly arranged by Jonathan Elliot. Supplementary to Elliot's Debates.
|
| 650 |
|
0 |
|a Constitutional history
|z United States.
|
| 700 |
1 |
|
|a Elliot, Jonathan,
|d 1784-1846,
|e editor.
|
| 710 |
1 |
|
|a United States.
|b Constitutional Convention
|d (1787)
|
| 700 |
1 |
|
|a Madison, James,
|d 1751-1836.
|
| 740 |
0 |
|
|a Elliot's debates.
|
| 999 |
|
|
|a MARS
|
| 999 |
f |
f |
|s 01bd266a-5fbd-33c1-9153-72af65c16d1c
|i 46fa8be2-11ef-3381-8882-3df5e15ebd3d
|t 0
|
| 952 |
f |
f |
|p ric
|a Texas A&M University
|b Rellis Campus
|c Joint Library Facility
|d Remote Storage
|t 0
|e KF4510 .E45 1987
|h Library of Congress classification
|i unmediated -- volume
|k v.2
|m A14811525921
|
| 952 |
f |
f |
|p ric
|a Texas A&M University
|b Rellis Campus
|c Joint Library Facility
|d Remote Storage
|t 0
|e KF4510 .E45 1987
|h Library of Congress classification
|i unmediated -- volume
|k v.5
|m A14811525963
|
| 952 |
f |
f |
|p ric
|a Texas A&M University
|b Rellis Campus
|c Joint Library Facility
|d Remote Storage
|t 0
|e KF4510 .E45 1987
|h Library of Congress classification
|i unmediated -- volume
|k v.1
|m A14811525874
|
| 952 |
f |
f |
|p ric
|a Texas A&M University
|b Rellis Campus
|c Joint Library Facility
|d Remote Storage
|t 0
|e KF4510 .E45 1987
|h Library of Congress classification
|i unmediated -- volume
|k v.4
|m A14811525913
|
| 952 |
f |
f |
|p ric
|a Texas A&M University
|b Rellis Campus
|c Joint Library Facility
|d Remote Storage
|t 0
|e KF4510 .E45 1987
|h Library of Congress classification
|i unmediated -- volume
|k v.3
|m A14811525971
|
| 998 |
f |
f |
|a KF4510 .E45 1987
|s v.1-v.5
|t 0
|l Remote Storage
|